000 00680nam a2200289Ia 4500
005 20260324145920.0
008 008 260324s9999 xx 000 0 eng d
020 _a9780203989142
037 _aEBOOK
040 _aCRL
040 _beng
040 _cCRL
041 _2eng
041 _aeng
084 _qCRL
100 _aAshok Mitra
_91224636
245 0 _aTerms of Trade and Class Relations
245 3 _bAn Essay in Political Economy
260 _bTaylor and Francis
260 _c1977
365 _a
365 _b220
856 _uhttp://www.taylorfrancis.com/books/9780203989142
942 _cEBOOK
999 _c1833210
_d1833210